000 00772cab a2200265 4500
001 WB3208-03
008 090401t1996 xxu||||| |||| 00| 0 eng d
035 _a(Sirsi) u34295
041 _aeng
245 _aEU threat to village pubs
260 _c1996
350 _a0
490 _aWestern Morning News
_v14 February 1996, 6(1)
520 _aA Brussels plan to outlaw the tied house system threatens the survival of small brewers and village pubs, according to CAMRA.
650 _aBREWERIES
650 _aCAMPAIGN FOR REAL ALE
650 _aCAMRA
650 _aLICENSED PROPERTY
650 _aPUBLIC HOUSES
650 _aTIED HOUSES
690 _aPROPERTY-COMMERCIAL PROPERTY
690 _aLEISURE AND RECREATION
942 _n0
948 _c04/03/1997
999 _c22739
_d22739